003880000a22001210004500090001700000245008100017041001300098700002600111100002500137942001300162773007400175999001700249 aASbSeriadas10aSocial changes within a group of red howler monkeys (Alouatta seniculus) III0 aInglés1 aLozano, Henry91002471 aIzawa, Kosei9100240 cARTICULO1 tField Studies of Fauna and Flora La Macarena, Colombiaq1-16d1991g5 c16011d16011